Dejiny svetového hospodárstva

Salvato in:
Dettagli Bibliografici
Autore principale: Balhar, Víťazoslav
Ente Autore: Ekonomická univerzita v Bratislave. Fakulta medzinárodných vzťahov
Altri autori: Balhar, Vítězslav, Jr
Natura: Libro
Lingua:slovacco
Pubblicazione: Bratislava Vydavateľstvo EKONÓM 2003
Edizione:2. dopln. vyd.
Soggetti:
Tags: Aggiungi Tag
Nessun Tag, puoi essere il primo ad aggiungerne!!

MARC

LEADER 00000nam$a2200000$$$4500
001 0001937
005 20240502071345.8
020 |a 80-225-1724-0 
041 0 |a slo 
044 |a SK 
245 1 0 |a Dejiny svetového hospodárstva  |c Víťazoslav Balhar 
250 |a 2. dopln. vyd. 
264 1 |a Bratislava  |b Vydavateľstvo EKONÓM  |c 2003 
300 |a 196 s. 
610 2 0 |a hospodárstvo svetové 
610 2 0 |a dejiny 
610 2 0 |a rozvoj hospodársky 
610 2 0 |a stupne hospodárstva vývojové 
610 2 0 |a civilizácia 
610 2 0 |a obchod medzinárodný 
610 2 0 |a priemysel 
610 2 0 |a vojny 
610 2 0 |a kríza hospodárska 
610 2 0 |a technológie informačné 
610 2 0 |a globalizácia hospodárstva 
610 2 0 |a Európa 
610 2 0 |a svet 
100 1 |a Balhar, Víťazoslav 
700 1 |a Balhar, Vítězslav, Jr. 
710 2 |a Ekonomická univerzita v Bratislave. Fakulta medzinárodných vzťahov